|
|
|
|
| LEADER |
00814nam a2200217 i 4500 |
| 001 |
acta71137 |
| 005 |
20230327094516.0 |
| 008 |
201210s2013 hu o 0|| hun d |
| 020 |
|
|
|a 978-963-306-187-9
|
| 040 |
|
|
|a SZTE Egyetemi Kiadványok Repozitórium
|b hun
|
| 041 |
|
|
|a hun
|
| 245 |
0 |
0 |
|a Műhelyszemináriumi dolgozatok I.
|h [elektronikus dokumentum]
|
| 260 |
|
|
|a SZTE BTK Történelemtudományi Doktori Iskola
|b Szeged
|c 2013
|
| 300 |
|
|
|a 197 p.
|c 25 cm
|
| 490 |
0 |
|
|a Műhelyszemináriumi dolgozatok
|v 1
|
| 650 |
|
4 |
|a Bölcsészettudományok
|
| 650 |
|
4 |
|a Történettudomány és régészet
|
| 695 |
|
|
|a Történettudomány - tanulmányok, Középkorkutatás - tanulmányok
|
| 700 |
0 |
1 |
|a Kovács Szilvia
|
| 700 |
0 |
1 |
|a Révész Éva
|
| 856 |
4 |
0 |
|u http://acta.bibl.u-szeged.hu/71137/1/muhelyszem_001.pdf
|z Dokumentum-elérés
|